| 000 | 00900cam a2200301 a 4500 | ||
|---|---|---|---|
| 001 | 8522 | ||
| 003 | BD-JhCC | ||
| 005 | 20230722104340.0 | ||
| 008 | 860815s1987 caua 001 0 eng | ||
| 020 | _a0023063912 | ||
| 035 | _a(BD-JhCC)8522 | ||
| 040 |
_aDLC _cDLC _dDLC _dBD-JhCC |
||
| 041 | _aeng | ||
| 050 | 0 | 0 |
_aQA39.2 _b.B368 1987 |
| 082 | 0 | 0 |
_a510 _219 _bBAR 1987 |
| 100 | 1 | _aBarnett, Raymond A. | |
| 245 | 1 | 0 |
_aFinite mathematics for management, life, and social sciences / _cRaymond A. Barnett, Michael R. Ziegler. |
| 250 | _a4th ed. | ||
| 260 |
_aSan Francisco : _bDellen Pub. Co. ; _aLondon : _bCollier Macmillan, _cc1987. |
||
| 300 |
_axv, 605, [47] p. : _bill. ; _c24 cm. |
||
| 500 | _aIncludes indexes. | ||
| 650 | 0 | _aMathematics. | |
| 650 | 0 |
_aSocial sciences _xMathematics. |
|
| 650 | 0 | _aBiomathematics. | |
| 700 | 1 | _aZiegler, Michael R. | |
| 942 |
_2ddc _cBK |
||
| 999 |
_c8522 _d8522 |
||